[Event "Olongapo City Puregold op-B"]
[Site "Olongapo City"]
[Date "2015.11.19"]
[Round "5"]
[White "Amar, Denzel John"]
[Black "Ching, Francis"]
[Result "1-0"]
[WhiteElo "1957"]
[BlackElo "1848"]
[PlyCount "75"]
[EventDate "2015.11.17"]
[EventType "swiss"]
[EventRounds "9"]
[EventCountry "PHI"]
[SourceTitle "EXT 2017"]
[Source "ChessBase"]
[SourceDate "2016.10.25"]
[SourceVersion "1"]
[SourceVersionDate "2016.10.25"]
[SourceQuality "1"]

1. e4 c6 2. d4 d5 3. Nd2 dxe4 4. Nxe4 Bf5 5. Ng3 Bg6 6. h4 h5 7. Nf3 Nf6 8. Ne5 Be4 9. c3 g6 10. Bg5 Bd5 11. Qc2 Nbd7 12. c4 Be6 13. 0-0-0 Nxe5 14. dxe5 Nd7 15. Kb1 Qc7 16. Bd2 a5 17. f4 a4 18. Be3 a3 19. b3 Bg7 20. Bd3 Nxe5 21. Bd4 Nxd3 22. Bxg7 Nb4 23. Qd2 Rg8 24. Be5 Qa5 25. Bc3 c5 26. f5 gxf5 27. Nxh5 f4 28. Qxf4 b5 29. Rhe1 Qb6 30. Qe4 Rd8 31. Ng7+ Rxg7 32. Bxg7 bxc4 33. Qh7 Rd3 34. Qe4 Qd6 35. Rxd3 cxd3 36. Bc3 Nd5 37. Qxd3 Qf4 38. Ka1 1-0

[Event "Olongapo City Puregold op-B"]
[Site "Olongapo City"]
[Date "2015.11.18"]
[Round "4"]
[White "Ching, Francis"]
[Black "Moulic, Ella Grace"]
[Result "0-1"]
[WhiteElo "1848"]
[BlackElo "1830"]
[PlyCount "82"]
[EventDate "2015.11.17"]
[EventType "swiss"]
[EventRounds "9"]
[EventCountry "PHI"]
[SourceTitle "EXT 2017"]
[Source "ChessBase"]
[SourceDate "2016.10.25"]
[SourceVersion "1"]
[SourceVersionDate "2016.10.25"]
[SourceQuality "1"]

1. d4 Nf6 2. e3 d5 3. Bd3 Bg4 4. f3 Bh5 5. Ne2 e6 6. Nf4 Bd6 7. Nxh5 Nxh5 8. g3 c5 9. c3 Nc6 10. f4 Nf6 11. Qf3 cxd4 12. exd4 g6 13. Nd2 h5 14. Qe2 h4 15. Nf1 hxg3 16. Nxg3 Qe7 17. Bd2 Nh5 18. Qg4 Nxg3 19. Qxg3 Qh4 20. 0-0-0 0-0-0 21. Qf3 Qh3 22. Qe2 Rh4 23. Rdf1 Rdh8 24. Bb5 Qg4 25. Qd3 Rh3 26. Qc2 Ne7 27. c4 dxc4 28. Qxc4+ Kb8 29. Bd7 Qg2 30. Kb1 Qxd2 31. Rd1 Qa5 32. Rc1 a6 33. a3 Qd5 34. Qa4 Qb3 35. Qa5 R3h5 36. Qd2 Bxa3 37. f5 Rxf5 38. h4 Bb4 39. Qh2+ Ka8 40. Rc7 Qd3+ 41. Ka2 Ra5+ 0-1